The hospital in modern society /

Bibliographic Details
Main Author: Bachmeyer, Arthur Charles, 1886-
Corporate Author: Commonwealth Fund
Other Authors: Hartman, Gerhard, 1911-
Format: Book
Language:English
Published: New York : Commonwealth Fund, 1943.
Subjects:

MARC

Tag First Indicator Second Indicator Subfields
LEADER 00000cam a2200000 4500
001 in00000064118
005 20151008051201.0
008 750623s1943 nyu b 00000 eng u
010 |a sg 43000001  
035 |a (OCoLC)01405089 
035 |9 AAG6285AM 
040 |c ITD  |d CHS  |d TXA  |d UtOrBLW 
049 |a TXAM  |c [131143] 
050 0 0 |a RA962  |b .B3 
082 0 |a 362.1 
092 |a 362.1  |b B124h 
100 1 |a Bachmeyer, Arthur Charles,  |d 1886- 
245 1 4 |a The hospital in modern society /  |c edited by Arthur C. Bachmeyer and Gerhard Hartman. 
264 1 |a New York :  |b Commonwealth Fund,  |c 1943. 
300 |a xiv, 768 pages ;  |c 24 cm. 
336 |a text  |b txt  |2 rdacontent 
337 |a unmediated  |b n  |2 rdamedia 
338 |a volume  |b nc  |2 rdacarrier 
500 |a "The material was taken exclusively from the periodical literature and from transaction and committee reports ... Ninety-eight authors are represented by the 145 articles."--Pref. 
504 |a "References for further reading" at end of each chapter. 
650 0 |a Hospitals  |x Administration. 
700 1 |a Hartman, Gerhard,  |d 1911- 
710 2 |a Commonwealth Fund. 
999 |a MARS 
999 f f |s fab5f54a-0301-3284-81d2-460df0d03524  |i 57cb412c-6c05-3a37-aa4c-ac2caeae2ca9  |t 0 
952 f f |p ric  |a Texas A&M University  |b Rellis Campus  |c Joint Library Facility  |d Remote Storage  |t 0  |e RA962 .B3  |h Library of Congress classification  |i unmediated -- volume  |m A14800809710 
998 f f |a RA962 .B3  |t 0  |l Remote Storage